Normal view MARC view

Entry Nombre personal

Number of records used in: 12

001 - NÚMERO DE CONTROL

  • campo de control: 91143

003 - IDENTIFICADOR DE NÚMERO DE CONTROL

  • campo de control: SpMaBN

005 - FECHA Y HORA DE LA ÚLTIMA TRANSACCIÓN

  • campo de control: 20250727154942.0

008 - ELEMENTOS DE DATO DE LONGITUD-FIJA

  • campo de control de longitud fija: 901120nn aijnnaabn a aaa

016 ## - NÚMERO DE CONTROL DE UNA AGENCIA BIBLIOGRÁFICA NACIONAL

  • Número de control del registro: BNE19900124883

024 7# - IDENTIFICADOR DE OTROS ESTÁNDARES

  • Número estándar o código: http://viaf.org/viaf/19682522/
  • Fuente: viaf

024 8# - IDENTIFICADOR DE OTROS ESTÁNDARES

  • Número estándar o código: https://data.cervantesvirtual.com/person/39858

024 7# - IDENTIFICADOR DE OTROS ESTÁNDARES

  • Número estándar o código: https://isni.org/isni/0000000121229603
  • Fuente: isni

024 7# - IDENTIFICADOR DE OTROS ESTÁNDARES

  • Número estándar o código: http://www.wikidata.org/entity/Q1186153
  • Fuente: wikidata

040 ## - FUENTE DE CATALOGACIÓN

  • Centro catalogador/agencia de origen: SpMaBN
  • Lengua de catalogación: spa
  • Centro/agencia transcriptor: SpMaBN
  • Normas de descripción: rdc
  • Convención/Normas de encabezamiento de materia/tesauro: embne

046 ## - FECHAS CON CODIFICACIÓN ESPECIAL

  • Fecha de nacimiento: 1935
  • Fecha de la muerte: 2010

100 1# - ENCABEZAMIENTO-NOMBRE DE PERSONA

  • Nombre de persona: Pérez Sánchez, Alfonso E.,
  • Fechas asociadas al nombre: 1935-2010

370 ## - LUGAR ASOCIADO

  • Lugar de nacimiento: Cartagena, Murcia, España
  • Fuente de información: (Wikidata)
  • Número de control del registro de autoridad o número normalizado: XX450829

372 ## - CAMPO DE ACTIVIDAD

  • Campo de actividad: Historia del Arte
  • Fuente de información: (Dialnet)

373 ## - GRUPO ASOCIADO

  • Grupo asociado: Real Academia de Bellas Artes de San Fernando
  • Grupo asociado: Real Academia de la Historia
  • Fuente de información: Wikidata

374 ## - OCUPACIÓN

  • Ocupación: Escritores
  • Ocupación: Profesores
  • Ocupación: Historiadores
  • Fuente de información: Wikidata

375 ## - GÉNERO/SEXO

  • Género: Masculino

377 ## - IDIOMA ASOCIADO

  • Término de lengua/lenguaje: Español

400 1# - TRAZADO DE VÉASE--NOMBRE DE PERSONA

  • Nombre de persona: Pérez Sánchez, Alfonso,
  • Fechas asociadas al nombre: 1935-2010

400 1# - TRAZADO DE VÉASE--NOMBRE DE PERSONA

  • Nombre de persona: Pérez Sánchez, Alfonso Emilio,
  • Fechas asociadas al nombre: 1935-2010

400 1# - TRAZADO DE VÉASE--NOMBRE DE PERSONA

  • Nombre de persona: Pérez-Sánchez, Alfonso E.,
  • Fechas asociadas al nombre: 1935-2010

670 ## - FUENTE DE DATOS ENCONTRADOS

  • Cita de la fuente: Goya, 1987
  • Información encontrada: (Alfonso E. Pérez Sánchez)

670 ## - FUENTE DE DATOS ENCONTRADOS

  • Cita de la fuente: Historia del arte, 1995
  • Información encontrada: port. (Alfonso Emilio Pérez Sánchez)

670 ## - FUENTE DE DATOS ENCONTRADOS

  • Cita de la fuente: Goya: caprichos i disparates, 1997
  • Información encontrada: p. 1 de la cub. (Alfonso E. Pérez-Sánchez)

670 ## - FUENTE DE DATOS ENCONTRADOS

  • Cita de la fuente: WWW Universidad Complutense, 29-6-2009
  • Información encontrada: (Alfonso Pérez Sánchez; n. 1935, Cartagena; catedrático de Historia del Arte; director del Museo del Prado)

670 ## - FUENTE DE DATOS ENCONTRADOS

  • Cita de la fuente: WWW Museo del Prado, 4-4-2014
  • Información encontrada: (Pérez Sánchez, Alfonso E. (1935-2010) Director del Museo del Prado de 1983 a 1991)

856 4# - LOCALIZACIÓN Y ACCESO ELECTRÓNICOS

  • Identificador Uniforme de Recursos: http://dialnet.unirioja.es/servlet/autorExterno/BNE/1019185